Ulysses / (Record no. 138)
[ view plain ]
| 000 -LEADER | |
|---|---|
| fixed length control field | 00656nam a2200229 x 4500 |
| 001 - CONTROL NUMBER | |
| control field | 1864768 |
| 008 - FIXED-LENGTH DATA ELEMENTS--GENERAL INFORMATION | |
| fixed length control field | 920226r19921960enk w 00011 eng b |
| 015 ## - NATIONAL BIBLIOGRAPHY NUMBER | |
| National bibliography number | b9208310 |
| 020 ## - INTERNATIONAL STANDARD BOOK NUMBER | |
| International Standard Book Number | 0140185585 |
| 020 10 - INTERNATIONAL STANDARD BOOK NUMBER | |
| International Standard Book Number | 0140185585 |
| Terms of availability | m |
| 082 00 - DEWEY DECIMAL CLASSIFICATION NUMBER | |
| Classification number | 823.912 |
| Edition information | 20 |
| 100 10 - MAIN ENTRY--PERSONAL NAME | |
| Personal name | Joyce, James, |
| Dates associated with a name | 1882-1941. |
| 9 (RLIN) | 165 |
| 245 10 - TITLE STATEMENT | |
| Title | Ulysses / |
| Statement of responsibility, etc. | James Joyce ; with an introduction by Declan Kiberd. |
| 260 ## - PUBLICATION, DISTRIBUTION, ETC. | |
| Place of publication, distribution, etc. | London |
| Name of publisher, distributor, etc. | Penguin |
| Date of publication, distribution, etc. | 1992 |
| 300 ## - PHYSICAL DESCRIPTION | |
| Extent | lxxxviii,939p |
| Dimensions | 20cm |
| Accompanying material | pbk |
| 350 00 - PRICE (NR) (BK AM CF MU VM SE) [OBSOLETE] | |
| Price | £6.99 |
| 490 00 - SERIES STATEMENT | |
| Series statement | Penguin twentieth-century classics |
| 504 00 - BIBLIOGRAPHY, ETC. NOTE | |
| Bibliography, etc. note | Originally published: London : Bodley Head, 1960 |
| 942 ## - ADDED ENTRY ELEMENTS (KOHA) | |
| Source of classification or shelving scheme | Dewey Decimal Classification |
| Koha item type | Books |
| 956 ## - LOCAL ELECTRONIC LOCATION AND ACCESS (OCLC) | |
| Host name | NLS |
| Withdrawn status | Lost status | Damaged status | Not for loan | Collection | Home library | Current library | Shelving location | Date acquired | Barcode | Date last seen | Price effective from | Koha item type |
|---|---|---|---|---|---|---|---|---|---|---|---|---|
| Reference | Centerville | Centerville | General stacks | 09/04/2014 | 39999000005691 | 09/04/2014 | 09/04/2014 | Books | ||||
| Reference | Fairview | Fairview | General stacks | 09/04/2014 | 39999000005714 | 09/04/2014 | 09/04/2014 | Books | ||||
| Reference | Fairview | Fairview | General stacks | 09/04/2014 | 39999000005752 | 09/04/2014 | 09/04/2014 | Books | ||||
| Reference | Midway | Midway | General stacks | 09/04/2014 | 39999000005738 | 09/04/2014 | 09/04/2014 | Books |